Guía práctica del marino mercante : (Record no. 21048)

MARC details
000 -LEADER
campo de control de longitud fija 00659nam a2200181 i 4500
001 - NÚMERO DE CONTROL
campo de control 21048
003 - IDENTIFICADOR DE NÚMERO DE CONTROL
campo de control ES-MaACL
005 - FECHA Y HORA DE LA ÚLTIMA TRANSACCIÓN
campo de control 20251014063049.0
007 - CAMPO FIJO DE DESCRIPCIÓN FÍSICA--INFORMACIÓN GENERAL
campo de control de longitud fija t|
008 - DATOS DE LONGITUD FIJA--INFORMACIÓN GENERAL
campo de control de longitud fija 021120s1896 sp ||||1| spa d
100 1# - ENTRADA PRINCIPAL--NOMBRE DE PERSONA
Nombre de persona Agacino y Martínez, Eugenio,
Fechas asociadas al nombre 1851-1924
9 (RLIN) 18526
245 10 - MENCIÓN DEL TÍTULO
Título Guía práctica del marino mercante :
Resto del título obra útil a los armadores, navieros, consignatarios, capitanes, pilotos, consules y maquinistas navalesr /
Mención de responsabilidad, etc. por Eugenio Agacino.
260 ## - PUBLICACIÓN, DISTRIBUCIÓN, ETC.
Lugar de publicación, distribución, etc. Cádiz :
Nombre del editor, distribuidor, etc. [s.n.],
Fecha de publicación, distribución, etc. 1896 (
Fabricante Tip. Gaditana)
300 ## - DESCRIPCIÓN FÍSICA
Extensión X, 430 p. ;
Dimensiones 22 cm.
650 #7 - PUNTO DE ACCESO ADICIONAL DE MATERIA--TÉRMINO DE MATERIA
Término de materia o nombre geográfico como elemento de entrada Marina mercante
Fuente del encabezamiento o término embne
9 (RLIN) 136468
852 ## - LOCALIZACIÓN
Ubicación ES-MaACL
Número de control de estantería G-1631
Holdings
Estatus retirado Estado de pérdida Estado de daño No para préstamo Colección Biblioteca de origen Biblioteca actual Ubicación en estantería Fecha de adquisición Fuente de adquisición Total de préstamos Signatura topográfica completa Código de barras Visto por última vez Precio de reemplazo Tipo de ítem Koha
        Libros del s. XIX Biblioteca del Ateneo de Madrid Biblioteca del Ateneo de Madrid Depósito 2 17/01/2008     G-1631 1021621 23/02/2023 23/02/2023 Libro impreso antiguo